000 01111nam a22002657a 4500
005 20170124103149.0
010 _aB-158111
020 _c150.00
_a818809050
035 _aB-158111
037 _bCen Lib/Ret
040 _aDPL
_bHN
082 _a
_bअणखी
100 _aअणखी, राम सरूप
_94584
245 _aहमीरगढ़ /
_cराम सरूप अणखी ; अनुवादक घनश्याम रंजन
246 _aHameergarh /
_bby Ram Saroop Ankhi ; anuvadak Gahnshyam Ranjan
260 _aदिल्ली
_bस्वास्तिक प्रकाशन
_c2005
270 _bदिल्ली
_a1376, आत्माराम बिल्डिंग
_e110006
300 _a128पृ.
_c21सेमी(सजिल्द)
650 _aहिन्दी साहित्य
_987482
650 _aहिन्दी -- उपन्यास
_987483
650 _aHindi literature
_987484
650 _aHindi - Novel
_987485
700 _a रंजन, घनश्याम
_987486
942 _2ddc
_cHN
_h
_mअणखी
999 _c119894
_d119894